La plus grande ville de France en "D" par deuxième lettre - Carte - Statistiques

Statistiques générales
  • Ce quiz a été pris 52 fois
    20 depuis la dernière actualisation
  • Le résultat moyen est 4 sur 7
Réponses sur la Carte
Les réponses sont colorées sur une échelle allant du rouge au vert en fonction du pourcentage des utilisateurs qui les ont devinées à leur premier essai. Vous pouvez retrouver ces pourcentages ci-dessous.
 
Statistiques - réponses
Population Département Ville % Correct
158 002 Côte d'Or Di{jon}
100%
86 279 Nord Du{nkerque}
100%
39 613 Nord Do{uai}
83%
72 376 Seine-Saint-Denis Dr{ancy}
78%
22 128 Seine-et-Marne Da{mmarie-les-Lys}
33%
28 930 Rhône Dé{cines-Charpieu}
28%
22 149 Val d'Oise De{uil-la-Barre}
22%
Aucun quiz correspondant
Distribution des résultats
% des personnes avec chaque résultat
Percentile par nombre de réponses
Votre historique - résultats
Vous n’avez pas pris ce quiz depuis la dernière actualisation